000 01284naa a22003377a 4500
001 BR7405446
003 BR-BrBNA
005 20240918173621.0
007 ta
008 230509b bl.||||| |||| 00| 0 por d
040 _aBR-BrBNA
_bpor
_cBiblioteca Nacional de Agricultura
041 _a(Pt)
072 _aL30; L00
_b6100
_b0120
_b9600
090 _aL30 BR7405446
100 1 _aFonseca, F.A.
100 1 _aSoares, P.R.
100 1 _aFonseca, J.B.
100 1 _aSilva, D.J. da
111 1 _a11. Reuniao da Sociedade Brasileira de Zootecnia
_cFortaleza, CE (Brazil)
_d22 Jul 1974
245 1 _aO milho opaco-2 na alimentacao de galinhas reprodutoras leves [Zea mays; Gallus domesticus; Producao animal; Ovo]
260 3 _aFortaleza, CE (Brasil):
_bUniversidade Federal do Ceara,
_c1974.
500 _aAnais da 11. Reuniao da Sociedade Brasileira de Zootecnia Fortaleza, CE (Brasil): Universidade Federal do Ceara, 1974. p. 184-185 (BR7405446-AM)L30
650 _aNutricao animal
650 _aProducao animal
650 _aGalinha
650 _aMilho
650 _aOvo
773 0 _tAnais da 11. Reuniao da Sociedade Brasileira de Zootecnia
_wL30 BR7405446
_gFortaleza, CE (Brasil), 1974. p. 184-185
909 _a202404
_bLucia
_c55
_dLucia Elande
942 _cAM
_2AGRIS
999 _c305782
_d305782